Statistiche per Riconosci il Calciatore - Quiz n°1259

Clicka qui per fare il quiz!

Statistiche generali

  • Questo quiz è stato fatto 16 volte
  • Il punteggio medio è 18 su 19

Statistiche sulle risposte

IndizioRisposta% Corretto
Data di nascita08/05/1981
100%
Presenze in nazionale73
100%
Squadra di club 5ChievoVerona 2003-2004
100%
RuoloDifensore
100%
NazionalitàItalia
100%
Squadra di club 8Juventus 2011-2019
100%
Squadra di club 6Palermo 2004-2008
100%
Squadra di club 7Wolfsburg 2008-2011
100%
Squadra di club 4Ascoli 2001-2003
93%
Squadra di club 2Pistoiese 2000-2001
93%
Squadra di club 1Rondinella Impruneta 1998-2000
93%
Squadra di club 3Rondinella Impruneta 2001-2001
93%
Trofei per nazionaliTorneo Quattro Nazioni Under-20: 1
2001-2002
Campionato d'Europa Under-21: 1
Germania 2004
Bronzo olimpico: 1
Atene 2004
Campionato mondiale: 1
Germania 2006
93%
Gol in nazionale0
87%
Altezza187 cm
87%
Peso87 kg
87%
CalciatoreAndrea Barzagli
87%
Trofei per clubCampionato Nazionale Dilettanti: 1
Rondinella Impruneta: 1998-1999 (girone E)
Campionato italiano Serie C1: 1
Ascoli: 2001-2002 (girone B)
Supercoppa di Lega Serie C: 1
Ascoli: 2002
Campionato tedesco: 1
Wolfsburg: 2008-2009
Campionato italiano: 8
Juventus: 2011-2012, 2012-2013, 2013-2014, 2014-2015, 2015-2016, 2016-2017, 2017-2018, 2018-2019
Supercoppa italiana: 4
Juventus: 2012, 2013, 2015, 2018
Coppa Italia: 4
Juventus: 2014-2015, 2015-2016, 2016-2017, 2017-2018
87%
Trofei individualiGran Galà del calcio AIC: 4
Squadra dell'anno: 2012, 2013, 2014, 2016
Premio Nazionale Carriera Esemplare "Gaetano Scirea": 1
2017
87%

Distribuzione punteggi

Percentile per numero di risposta

Percentuale di utenti per punteggio

I tuoi punteggi nel tempo

Non hai fatto questo quiz